| 000 | 00624nam a2200217 a 4500 | ||
|---|---|---|---|
| 001 | 61091 | ||
| 003 | BD-RjUL | ||
| 005 | 20211209080924.0 | ||
| 008 | 170115s1971 ii 000 0 eng d | ||
| 035 | _a(BD-RjUL) 61215 | ||
| 040 |
_aDLC _cDLC _dDLC _beng |
||
| 041 | _aeng | ||
| 082 | 0 | 0 |
_a428 _223 _bBAG 1971 |
| 100 |
_aBaskoff, Florence _9182500 |
||
| 245 | 1 | 0 |
_aGuided composition / _cFlorence Baskoff |
| 260 |
_aParis : _bA Dider International edition, _c1971 |
||
| 300 |
_a201 p. ; _c27 cm. |
||
| 650 | 0 |
_aEnglish language _xComposition and exercises. _9182501 |
|
| 942 |
_2ddc _cBK |
||
| 999 |
_c61091 _d61091 |
||